European Geography By Letter - S #1 - Statistics

General Stats
  • This quiz has been taken 101,555 times
    100,362 since last reset
  • The average score is 15 of 22
Answer Stats
Clue Answer % Correct
One of the Nordic countries Sweden
99%
Edinburgh is its capital Scotland
97%
Country in Iberia Spain
93%
Neutral country in the Alps Switzerland
90%
Island where the term "Mafia" originated Sicily
89%
Capital of Bulgaria Sofia
88%
River that flows through Paris Seine
84%
Richest country which was once part of Yugoslavia Slovenia
84%
City once known as Leningrad St. Petersburg
78%
Region comprised of the above, plus Norway and Denmark Scandinavia
75%
Second largest Mediterranean island Sardinia
67%
City where an archduke met his end in 1914 Sarajevo
62%
French city with a German name which is home to the EU parliament Strasbourg
61%
Capital of Andalusia Seville
58%
Island chain north of Britain with ponies Shetland
57%
Finnish name for Finland Suomi
54%
Town where Shakespeare was born Stratford- upon-Avon
53%
City from "The Sound of Music" Salzburg
48%
"Steel City" of northern England Sheffield
48%
French river which was the site of the bloodiest battle of WWI Somme
42%
Destination of pilgrims in northern Spain {Santiago} de Compostela
33%
Tallest mountain in Wales Snowdon
30%
No matching quizzes found
Score Distribution
Percent of People with Each Score
Percentile by Number Answered
Your Score History
You have not taken this quiz since the last reset